000 00728nam a2200289Ia 4500
001 3910
003 IT-RoPAU
008 130308s9999 xx 000 0 und d
040 _aIT-RoPAU
040 _cIT-RoPAU
041 _aITALIANO
100 _aRapisarda Giusi
100 _gCodice Aut. SPICS: 2196
245 _aDada al cinema
245 _bDadaismo (Il)
250 _a1a ed.
260 _aMILANO
260 _bFratelli Fabbri Editori
260 _c1977 [1° Ed.:1977 - Ed.Ling.Originale:1977]
300 _a"2 p. (prefazione: no ; testo: 2 [pagine: 88-89])"
650 _aSTORIA DELLE ARTI VISIVE
650 _eCodice materia Spics: 5008
942 _cBK
957 _71
999 _c47124
_d47124
999 _bSI
999 _g1